| 000 | 00370nam a2200145Ia 4500 | ||
|---|---|---|---|
| 003 | GCL | ||
| 008 | 140319s9999 xx 000 0 eng d | ||
| 040 |
_aGCL / _cGCL |
||
| 082 | 0 | 4 |
_a709.69 _bS H |
| 100 | 1 | _aSWEENEY, JAMES JOHNSON | |
| 245 | 1 | 0 |
_aTHE MUSUEM SCHOOL OF ART: HOUSTON / _cSWEENEY, JAMES JOHNSON |
| 650 | 0 | 4 | _aSCHOOL OF ART |
| 650 | 0 | 4 | _aART |
| 942 |
_2ddc _cBK |
||
| 999 |
_c12312 _d12312 |
||